Memoria 1988 / CATRISA, Sociedad de Gestión Catastral y Tributaria, S.A.
Descripción Física:
[25] p. : il. ; 28 cm
MARC
| LEADER | 00000nam a2200000Ia 4500 | ||
|---|---|---|---|
| 001 | 10919 | ||
| 008 | 160829s9999 xx 000 0 cat d | ||
| 080 | |a FU-27-23 | ||
| 100 | |a CATRISA, Sociedad de Gestión Catastral y Tributaria |9 21112 | ||
| 245 | |a Memoria 1988 / CATRISA, Sociedad de Gestión Catastral y Tributaria, S.A. | ||
| 260 | |a Barcelona : |b [s.n.], [s.a.] | ||
| 300 | |a [25] p. : |b il. ; |c 28 cm | ||
| 650 | 0 | |a Catrisa, sociedad de gestión catastral y tributaria |x Memòries |9 21113 | |
| 650 | |a Cadastres |x Mapes |9 21114 | ||
| 901 | |a Arxiu | ||
| 942 | |n 1 | ||
| 952 | |0 0 |1 0 |4 0 |6 FU2723 |7 1 |9 41802 |a Arxiu |b Arxiu |d 2016-12-01 |l 0 |o FU-27-23 |p 10919 |r 2016-12-01 00:00:00 |w 2016-12-01 |y ARXIU | ||
| 999 | |c 43694 |d 43694 | ||